| 000 | 00501nam a22002057a 4500 | ||
|---|---|---|---|
| 005 | 20200205085043.0 | ||
| 008 | 171130b xxu||||| |||| 00| 0 spa d | ||
| 020 | _a9789968317023 | ||
| 041 | _aspa | ||
| 082 | _aCR863.44 M971d | ||
| 100 |
_aMuñoz Chacón, Sergio _944726 |
||
| 245 | _aLos Dorados | ||
| 260 | _aCosta Rica | ||
| 260 | _bEUNED | ||
| 260 | _c2009 | ||
| 300 | _a272 páginas | ||
| 650 |
_aLITERATURA COSTARRICENSE _9424 |
||
| 650 |
_aNOVELA COSTARRICENSE _9423 |
||
| 942 | _cLIT | ||
| 999 |
_c10010 _d10010 |
||